000
00306nam a2200121 a 4500
005
20140414093846.0
008
100219s19uu xx uuu eng d
050
_a
CDB 500
_b
SAL 2000
245
_a
Salaguinto :
_b
The grade school Science magazine.
650
_a
Science.
942
_c
AVM
999
_c
109621
_d
109621